| 000 | 00989cad a22002055a 4500 | ||
|---|---|---|---|
| 001 | E150040 | ||
| 008 | 100525s2010 xxk f f000 0 eng d | ||
| 035 | _a(Sirsi) u150040 | ||
| 041 | 0 | _aeng | |
| 110 | 2 |
_aUnited Kingdom _bDepartment of Energy and Climate Change _95850 |
|
| 245 | 0 | 0 |
_aWarm homes, greener homes _ba strategy for household energy management _h[electronic resource] |
| 260 |
_aLondon _bDECC _c2010 |
||
| 520 | _aSets out the ways in which Government will support householders in saving energy through measures such as loft and cavity wall insulation, and renewable energy generation. | ||
| 590 | _aKA | ||
| 651 | 4 |
_aUnited Kingdom _y |
|
| 690 | _aENVIRONMENTAL AND LAND CONSULTANCY-ENERGY-ENERGY USE-ENERGY EFFICIENCY | ||
| 710 | 1 |
_aUnited Kingdom _bDepartment for Communities and Local Government _94939 |
|
| 856 | 4 | 0 |
_uhttps://www.decc.gov.uk/en/content/cms/what_we_do/consumers/saving_energy/hem/hem.aspx _zView the report free of charge at www.decc.gov.uk |
| 942 | _n0 | ||
| 999 |
_c110712 _d110712 |
||